000 00726nam a22002770a 4500
001 PT36378
003 AR-LpoUNG
005 20210131230354.0
008 191001s2006||||ag |||||||||||||||||spa d
020 _a9870404707
_c$5.50
040 _aAR-LpoUNG
_bspa
_cAR-LpoUNG
_eaacr
041 _aspa
044 _aag
082 0 _a808.068 3 318tra
100 1 _aLaragione, Lucía
245 1 0 _aTratado universal de monstruos
250 _a2da. ed.
260 _aBuenos Aires :
_bAlfaguara,
_c2006.
300 _a171 p. :
_bil.
505 0 _aSugerido a partir de 12 años (etiqueta FUCSIA)
650 4 _aCUENTOS
653 _aLITERATURA INFANTIL
700 1 _aLavandeira, Sandra
_eil.
905 _a36378
942 _cLIB
999 _c3031
_d3031